Регионална библиотека "Любен Каравелов" - Русе

Гобсек (Запис номер 376288)

MARC детайли
000 -Лидер
Контролно поле с фиксирана дължина nam a22 a 4500
003 - Код на организацията, давaща контролен номер
Контролно поле BLK
005 - Дата и час на последна редакция
Контролно поле 20200722083719.0
008 - Елементи от данни с фиксирана дължина
fixed length control field 200722b bu ||||| |||| 00| 0 bu d
040 ## - Източник на каталожния запис
Идентификатор на билиотеката - собственик на записа BLK
041 ## - Код за език
Код за езика на текст/звукозапис или на отделно заглавие Български
Код за езика КДБФ Български
080 ## - УДК
Текстов определител УДК Френска литература
УДК код - определител по УДК 821.133.1
УДК - код + определител 821.133.1
100 ## - Редна дума - Автор
R(LIN) 242959
Автор Балзак, Оноре дьо
Авторска отговорност първи автор
139 ## - Редно поле
Редна дума Балзак, Оноре дьо
245 ## - Сведения за заглавието
Заглавие Гобсек
Редно поле (дума) Оноре дьо Балзак ; прев. от фр. М. Грубешлиева и Л. Ванков
260 ## - Област на издателските данни
9 (RLIN) 209547
Име на издателя, разпространителя и проч. Нар. култура
Година на издаване 1948
Място на издаване, разпространение и проч. София
300 ## - Физическа характеристика
Страници 80 с.
Размери/Мащаб 16 см
380 ## - Жанр
Жанр Худож. лит.
700 ## - Други автори (авторска отговорност)
9 (RLIN) 1177
Лично име Грубешлиева, М.
Автороска отговорност (Описва отношението между автора и произведението) прев. от фр.
700 ## - Други автори (авторска отговорност)
9 (RLIN) 321955
Лично име Ванков, Л.
Автороска отговорност (Описва отношението между автора и произведението) прев. от фр.
852 ## - Местоположение
Форматна сигнатура Цб І 116
999 ## - СИСТЕМНИ КОНТРОЛНИ НОМЕРА
Koha biblionumber 376288
Koha biblioitemnumber 376288
942 ## - АРТИКУЛИ
Вид на библиотечния материал Книги
Скрит в OPAC Не
Периодичен библиозапис Да
944 ## - СЪЗДАВАНЕ И РЕДАКЦИЯ на ЗАПИСА
Създаване/Редакция Създаване
Дата на регистрацията/редакция 2020-07-22
Служител, извършил регистрацията/редакцията Моника Янева
Статус, дата на статуса 2020-07-22
999 ## - СИСТЕМНИ КОНТРОЛНИ НОМЕРА
Koha biblioitemnumber 376287
999 ## - СИСТЕМНИ КОНТРОЛНИ НОМЕРА
Koha biblioitemnumber 376282
Наличности
Код за отписване Код за изгубен артикул Източник на класификационната схема Код за повреда Коз за рестрикции Код за отдаване Артикулен № Име на библиотеката - собственик Име на библиотеката, в която се намира в момента Статус (Текущо местоположение) Дата на вписване в системата Местоположение - отдел Цена в лева Инвентарен номер Систематично азбучна сигнатура Баркод Цена в евро Служебен тип на артикула
  Не е изгубен Universal Decimal Classification Не е повреден без рестрикции ползва се в читалня 785736 Регионална библиотека "Любен Каравелов" Русе Регионална библиотека "Любен Каравелов" Русе Хранилище 2020-07-23 Хранилище 0.18 1694/56 Цб І 116 900000020353 0.09 Книги
Vip Innovations Ltd, Rousse, Bulgaria 2025